[Event "Ouest Toulousain op-A 3rd"]
[Site "Tournefeuille"]
[Date "2008.02.28"]
[Round "5"]
[White "Sanchez Rojo, Gustavo"]
[Black "Libiszewski, Fabien"]
[Result "0-1"]
[WhiteElo "2245"]
[BlackElo "2468"]
[PlyCount "50"]
[EventDate "2008.02.25"]
[EventType "swiss"]
[EventRounds "9"]
[EventCountry "FRA"]
[SourceTitle "CBM 123 Extra"]
[Source "ChessBase"]
[SourceDate "2008.05.06"]
[SourceVersion "1"]
[SourceVersionDate "2008.05.06"]
[SourceQuality "1"]

1. e4 e6 2. d4 d5 3. Nc3 Nf6 4. e5 Nfd7 5. f4 c5 6. Nf3 Nc6 7. Be3 Be7 8. Qd2 0-0 9. 0-0-0 Qa5 10. Kb1 c4 11. Ne2 Bb4 12. c3 Be7 13. g4 b5 14. f5 b4 15. Bh3 Rb8 16. Ka1 b3 17. Nc1 Ba3 18. Ne2 Be7 19. Nc1 bxa2 20. Qc2 Ba3 21. b4 cxb3 22. Nxb3 Qa4 23. Nfd2 Na5 24. Qxa2 Nxb3+ 25. Nxb3 Rxb3 0-1

[Event "Patrimonio op 2nd"]
[Site "Alcala de Henares"]
[Date "2007.10.10"]
[Round "4"]
[White "Rizouk, Aimen"]
[Black "Sanchez Rojo, Gustavo"]
[Result "1-0"]
[WhiteElo "2470"]
[BlackElo "2257"]
[PlyCount "53"]
[EventDate "2007.10.07"]
[EventType "swiss"]
[EventRounds "9"]
[EventCountry "ESP"]
[SourceTitle "EXT 2008"]
[Source "ChessBase"]
[SourceDate "2007.11.25"]
[SourceVersion "1"]
[SourceVersionDate "2007.11.25"]
[SourceQuality "1"]

1. e4 c5 2. Nf3 Nc6 3. Bb5 e6 4. 0-0 Nge7 5. b3 Ng6 6. Bb2 f6 7. Re1 Be7 8. c3 0-0 9. d4 cxd4 10. cxd4 d5 11. Nc3 dxe4 12. Nxe4 Nb4 13. a3 Nd5 14. Rc1 a6 15. Bf1 b6 16. g3 Bb7 17. h4 Re8 18. h5 Nf8 19. h6 g5 20. Bh3 f5 21. Ne5 Ng6 22. Qh5 Nxe5 23. dxe5 g4 24. Nf6+ Bxf6 25. exf6 Qd7 26. Qg5+ Kf8 27. Be5 1-0

[Event "Patrimonio op 2nd"]
[Site "Alcala de Henares"]
[Date "2007.10.07"]
[Round "1"]
[White "Sierra Bermejo, Gregorio"]
[Black "Sanchez Rojo, Gustavo"]
[Result "0-1"]
[WhiteElo "1802"]
[BlackElo "2257"]
[PlyCount "63"]
[EventDate "2007.10.07"]
[EventType "swiss"]
[EventRounds "9"]
[EventCountry "ESP"]
[SourceTitle "EXT 2008"]
[Source "ChessBase"]
[SourceDate "2007.11.25"]
[SourceVersion "1"]
[SourceVersionDate "2007.11.25"]
[SourceQuality "1"]

1. c4 Nf6 2. Nf3 g6 3. Nc3 Bg7 4. g3 0-0 5. Bg2 d6 6. 0-0 e5 7. d3 c6 8. Rb1 a5 9. a3 Re8 10. Qc2 d5 11. cxd5 cxd5 12. Bg5 h6 13. Bxf6 Bxf6 14. Rfc1 Be6 15. Nb5 Nc6 16. Qd2 Bg7 17. Nc3 a4 18. Qd1 Qa5 19. Qd2 f5 20. Rc2 e4 21. dxe4 dxe4 22. Ne1 Nd4 23. b4 axb3 24. Rcb2 Red8 25. Qe3 Rac8 26. Nxe4 fxe4 27. Bxe4 Nf5 28. Bxf5 Bxf5 29. Qxb3+ Qd5 30. Rd1 Qxb3 31. Rxd8+ Rxd8 32. Rxb3 0-1

[Event "Mondariz op 7th"]
[Site "Mondariz"]
[Date "2000.07.30"]
[Round "5"]
[White "Sanchez Rojo, Gustavo"]
[Black "Guerra Bastida, Diego"]
[Result "0-1"]
[WhiteElo "2195"]
[BlackElo "2305"]
[PlyCount "88"]
[EventDate "2000.07.26"]
[EventType "swiss"]
[EventRounds "9"]
[EventCountry "ESP"]
[SourceTitle "EXT 2001"]
[Source "ChessBase"]
[SourceDate "2000.11.22"]
[SourceVersion "1"]
[SourceVersionDate "2000.11.22"]
[SourceQuality "1"]

1. e4 e6 2. d4 d5 3. Nd2 c5 4. exd5 exd5 5. Bb5+ Bd7 6. Qe2+ Be7 7. dxc5 Nf6 8. Nb3 0-0 9. Be3 Re8 10. Bxd7 Nbxd7 11. Nf3 Nxc5 12. Nfd4 Na4 13. 0-0-0 Ba3 14. bxa3 Qe7 15. Kd2 Ne4+ 16. Ke1 Nac3 17. Qd3 Nxd1 18. Kxd1 Rac8 19. Ne2 Qxa3 20. Nbc1 Qa4 21. Qb3 Qd7 22. Bd4 Rc4 23. Nd3 Qe7 24. Be3 a5 25. Re1 Rec8 26. f3 a4 27. Qb2 Nd6 28. Nd4 Qf6 29. Bf4 Rxd4 30. Be5 Rxd3+ 31. cxd3 Qg6 32. Bxd6 Qxd6 33. Qxb7 Qc5 34. Qb2 a3 35. Qd2 h6 36. Ke2 Rb8 37. Rc1 Qd6 38. g3 Rb2 39. Rc2 Qe5+ 40. Kd1 Rb8 41. Rc3 Qd4 42. Rb3 Rxb3 43. axb3 Qg1+ 44. Kc2 a2 0-1

[Event "Mondariz op 7th"]
[Site "Mondariz"]
[Date "2000.07.28"]
[Round "3"]
[White "Bello Filgueira, Joaquin Antonio"]
[Black "Sanchez Rojo, Gustavo"]
[Result "0-1"]
[WhiteElo "2010"]
[BlackElo "2195"]
[PlyCount "155"]
[EventDate "2000.07.26"]
[EventType "swiss"]
[EventRounds "9"]
[EventCountry "ESP"]
[SourceTitle "EXT 2001"]
[Source "ChessBase"]
[SourceDate "2000.11.22"]
[SourceVersion "1"]
[SourceVersionDate "2000.11.22"]
[SourceQuality "1"]

1. e4 c5 2. Nf3 Nc6 3. d3 e6 4. g3 d5 5. Nbd2 g6 6. Bg2 Bg7 7. 0-0 Nge7 8. Re1 b6 9. Qe2 h6 10. h4 a5 11. c4 dxc4 12. dxc4 e5 13. Nf1 Nd4 14. Qd1 Bb7 15. N1h2 Qd7 16. Nxd4 cxd4 17. b3 a4 18. Ba3 Nc6 19. bxa4 Nd8 20. a5 Rxa5 21. Bb4 Ra4 22. a3 Bc6 23. Rc1 Bf8 24. Ng4 Qe6 25. Bf3 h5 26. Bxf8 Kxf8 27. Ne3 dxe3 28. Qxd8+ Kg7 29. Qxb6 exf2+ 30. Qxf2 Rxa3 31. Re3 Rha8 32. Rxa3 Rxa3 33. Kh2 Qd6 34. Rd1 Qb4 35. Bg2 Qxc4 36. Rf1 Qe6 37. Rc1 Bb7 38. Rc7 Ra2 39. Rc2 Ra4 40. Qe3 Qe7 41. Qc5 Qxc5 42. Rxc5 Kf6 43. Rb5 Bxe4 44. Rb6+ Kg7 45. Bxe4 Rxe4 46. Kg2 Re3 47. Kf2 Ra3 48. Rc6 Rd3 49. Ra6 Kf8 50. Ra5 f6 51. Ra7 Rd8 52. Kf3 Re8 53. Ke4 Re7 54. Ra8+ Kf7 55. Ra6 f5+ 56. Ke3 Re6 57. Ra8 Rb6 58. Rc8 e4 59. Kf4 Re6 60. Ke3 Kf6 61. Rf8+ Ke5 62. Ra8 Rd6 63. Re8+ Kf6 64. Ra8 Rd3+ 65. Kf2 Rf3+ 66. Kg2 Rc3 67. Ra6+ Ke5 68. Rxg6 Rc2+ 69. Kf1 e3 70. Rg5 Rf2+ 71. Ke1 Ke4 72. Rxh5 Ra2 73. Rg5 Kd3 74. Kf1 Ra1+ 75. Kg2 e2 76. Rxf5 e1Q 77. Rf3+ Kd4 78. Rf4+ 0-1